01298naa a2200241 a 450000100080000000500110000800800410001910000200006024500830008026000090016352006320017265300270080465300140083165300100084565300190085565300120087470000170088670000190090370000240092270000250094670000140097177300710098510824882011-12-09 2011 bl uuuu u00u1 u #d1 aSILVA, M. S. da aDetermina????o da massa espec??fica de silagens de milho por m??todo indireto. c2011 aCom o objetivo de desenvolver um m??todo alternativo para estimar a massa espec??fica (ME) de silagens, foram realizados dois trabalhos com silagens de milho em silos tipo trincheira. Os valores obtidos de resist??ncia ao penetr??metro foram correlacionados com os valores de ME obtidos com o uso de amostragens por cilindro met??lico e ent??o estimada a ME da silagem por meio de regress??o. Houve alta rela????o positiva da resist??ncia ?? penetra????o do cone met??lico e a ME estimada com a ME observada. Concluiu-se que o penetr??metro pode ser utilizado como m??todo indireto na determina????o da ME de silagens de milho. aCompacta????o da massa aDensidade aMilho aPainel do silo aSilagem1 aJOBIM, C. C.1 aTORMENA, C. A.1 aCALIXTO J??NIOR, M.1 aSORIANE FILHO, J. L.1 aROMAN, J. tCi??ncia Rural, Santa Mariagv. 41, n. 9, p. 1622-1625, set. 2011.